Proyecto de nueva Constitución para la República Mexicana /

Propuesta de constitución para los Estados Unidos Mexicanos, redactada por un jurista de la Universidad de Guadalajara y apoyada por los estudiantes de la primera generación de la Maestría en Juicio de Amparo de la Universidad del Valle de Atemajac, plantel Morelia.

Uloženo v:
Podrobná bibliografie
Hlavní autor: Covarrubias Dueñas, José de Jesús (autor)
Médium: Kniha
Jazyk:španělština
Témata:
Tagy: Přidat tag
Žádné tagy, Buďte první, kdo vytvoří štítek k tomuto záznamu!

MARC

LEADER 00000nam^a2200000^a^4500
001 000327687
005 20250521000000.0
009 20260310113844.409
037 |a Acervo ITESO - Biblioteca 
041 |a ESP 
082 |a 342. 72023  |b COV 
100 |a Covarrubias Dueñas, José de Jesús  |e (autor) 
245 1 0 |a Proyecto de nueva Constitución para la República Mexicana /  |c J.J. Covarrubias Dueñas. 
264 |a lugar de publicación no identificado :  |b editorial no identificada,  |c fecha no identificada 
300 |a 1 v. (sin paginación) 
336 |a texto  |b txt  |2 rdacontenido 
337 |a sin mediación  |b n  |2 rdamedio 
338 |a volumen  |b nc  |2 rdasoporte 
520 |a Propuesta de constitución para los Estados Unidos Mexicanos, redactada por un jurista de la Universidad de Guadalajara y apoyada por los estudiantes de la primera generación de la Maestría en Juicio de Amparo de la Universidad del Valle de Atemajac, plantel Morelia. 
649 |a XX 
650 |a Reforma Constitucional -  |z México 
650 |a Reforma Jurídica -  |z México 
650 |a Derecho Constitucional -  |z México -  |x Leyes y Reglamentos -  |x Proyectos -  |x Tema Principal 
650 |a Derecho Federal -  |z México 
650 |a Derecho Público -  |z México 
910 |a Fondo General 
920 |a Impresos - Libros 
930 |a Colección General 
905 |a 101 
901 |a 0500216613  |b IT1  |c ACC  |i D57716  |u 20250521 
902 |a https://opac.biblio.iteso.mx/vufind/Record/000327687